Секретные материалы: Ева: На основе телесериала Криса Картера; пер. с англ.

Sonraí bibleagrafaíochta
Achoimre:Исключено из фонда НТБ ТПУ
Teanga:Rúisis
Foilsithe / Cruthaithe: Москва, АСТ, 1999
Formáid: LEABHAR
KOHA link:https://koha.lib.tpu.ru/cgi-bin/koha/opac-detail.pl?biblionumber=41688

MARC

LEADER 00000nam0a2200000 4500
001 41688
005 20231031014621.0
010 |a 5237035698 
010 |a 5-7921-0264-3 
035 |a (RuTPU)RU\TPU\book\42818 
090 |a 41688 
100 |a 20020627d1999 m y0rusy50 ca 
101 1 |a rus 
102 |a RU 
105 |a y z 000ay 
200 1 |a Секретные материалы: Ева  |e На основе телесериала Криса Картера  |e пер. с англ. 
210 |a Москва  |c АСТ  |d 1999  |a СПб.  |c Terra Fantastica 
215 |a 400 с. 
333 |a Исключено из фонда НТБ ТПУ 
801 1 |a RU  |b 63413507  |c 20020627  |g PSBO 
801 2 |a RU  |b 63413507  |c 20130520  |g PSBO 
942 |c BK